[Event "FRA-chT3 Gr12 0304"]
[Site "Loire"]
[Date "2004.02.01"]
[Round "5.4"]
[White "Maillet, Patrice"]
[Black "Couquet, Cyril"]
[Result "1/2-1/2"]
[WhiteElo "1800"]
[BlackElo "1720"]
[PlyCount "141"]
[EventDate "2003.10.12"]
[EventType "team"]
[EventRounds "9"]
[EventCountry "FRA"]
[SourceTitle "EXT 2008"]
[Source "ChessBase"]
[SourceDate "2007.11.25"]
[SourceVersion "1"]
[SourceVersionDate "2007.11.25"]
[SourceQuality "1"]

1. d4 d5 2. c4 e6 3. Nc3 Nf6 4. Bg5 Be7 5. Nf3 Nbd7 6. Qc2 a6 7. e3 dxc4 8. Bxc4 b5 9. Be2 c5 10. dxc5 Nxc5 11. 0-0 Bb7 12. Rfd1 Qc7 13. Rac1 0-0 14. Bxf6 Bxf6 15. Nxb5 axb5 16. Qxc5 Qxc5 17. Rxc5 Rxa2 18. Rxb5 Ba6 19. Bc4 Ra4 20. b3 Bxb5 21. Bxb5 Ra1 22. Rxa1 Bxa1 23. g3 Bc3 24. Kg2 Rd8 25. h4 h6 26. Ng1 e5 27. e4 Bd2 28. Bc4 g6 29. Nf3 Bc3 30. Nh2 Kg7 31. Ng4 f5 32. exf5 gxf5 33. Ne3 Kg6 34. Nd5 Bd4 35. b4 Re8 36. b5 e4 37. b6 Rb8 38. Ne7+ Kf6 39. Nc6 Rxb6 40. Nxd4 Rb4 41. Nxf5 Kxf5 42. Ba6 Rb2 43. Kf1 Kg4 44. Be2+ Kf5 45. Ba6 Ke5 46. Be2 Kd4 47. Bg4 e3 48. Be2 exf2 49. Kxf2 Ke4 50. Ke1 Ke3 51. Bh5 Rg2 52. Kd1 Rxg3 53. Be8 Rh3 54. h5 Rh2 55. Bg6 Rf2 56. Ke1 Rh2 57. Kd1 Kd4 58. Kc1 Kc3 59. Kd1 Kb2 60. Be8 Rh4 61. Bg6 Rd4+ 62. Ke2 Kc3 63. Ke3 Rd7 64. Ke4 Rd1 65. Ke5 Kc4 66. Kf6 Rd7 67. Bf5 Rd6+ 68. Kg7 Kd4 69. Bg6 Ke5 70. Kxh6 Kf4 71. Kg7 1/2-1/2

[Event "Cap d'Agde Avenir op"]
[Site "Cap d'Agde"]
[Date "2002.10.28"]
[Round "7"]
[White "Maillet, Patrice"]
[Black "Deseine, Philippe"]
[Result "0-1"]
[WhiteElo "1630"]
[BlackElo "1680"]
[PlyCount "49"]
[EventDate "2002.10.23"]
[EventType "swiss"]
[EventRounds "9"]
[EventCountry "FRA"]
[SourceTitle "EXT 2005"]
[Source "ChessBase"]
[SourceDate "2004.11.15"]
[SourceVersion "1"]
[SourceVersionDate "2004.11.15"]
[SourceQuality "1"]

1. d4 d5 2. c4 Nf6 3. Nc3 e6 4. Bg5 Bb4 5. e3 h6 6. Bxf6 Qxf6 7. Qc2 Nc6 8. Nf3 Bd7 9. Bd3 0-0-0 10. c5 e5 11. e4 exd4 12. a3 Bxc3+ 13. bxc3 dxc3 14. exd5 Nd4 15. Nxd4 Qxd4 16. 0-0 Qxc5 17. Rfc1 Qxd5 18. Qxc3 Bc6 19. Bf1 Qg5 20. a4 h5 21. a5 a6 22. Qc5 Qxc5 23. Rxc5 Rd5 24. Rac1 Rhd8 25. h3 0-1